| 000 | 01159nam a2200217Ia 4500 | ||
|---|---|---|---|
| 999 |
_c38962 _d38962 |
||
| 001 | 5414 | ||
| 003 | GE_BSU | ||
| 005 | 20190624194259.0 | ||
| 008 | 181216s1966||||ge |||||||||||||| ||geo|| | ||
| 041 | _ageo | ||
| 080 | _a69:658.5(075.8) ბ-43 | ||
| 100 |
_aბეთანელი, ი. _91181 |
||
| 245 |
_aსამშენებლო წარმოების პროცესების ავტომატიკისა და ავტომატიზაციის საფუძვლები : დამხმ. სახელმძღ. / _cი. ბეთანელი ; რედ : ა. ბეთანელი. |
||
| 264 |
_aთბილისი : _bგანათლება, _c1966. |
||
| 300 |
_a138 გვ .: _bილ; _c20 სმ. |
||
| 504 | _aბიბლიოგრ.: გვ.133-134. | ||
| 653 | _aსამშენებლო წარმოების პროცესების ავტომატიკა და ავტომატიზაცია | ||
| 653 | _aმშენებლობა | ||
| 700 |
_aბეთანელი, ა _eრედაქტორი _92849 |
||
| 942 |
_cBK _2udc |
||